CESMM3 handbook (Record no. 85774)

MARC details
000 -LEADER
fixed length control field 00864cam a2200229 4500
008 - FIXED-LENGTH DATA ELEMENTS--GENERAL INFORMATION
fixed length control field 090401t1992 xxu||||| |||| 00| 0 eng d
020 ## - INTERNATIONAL STANDARD BOOK NUMBER
International Standard Book Number 9780727739483
035 ## - SYSTEM CONTROL NUMBER
System control number (Sirsi) u2472
041 0# - LANGUAGE CODE
Language code of text/sound track or separate title eng
050 04 - LIBRARY OF CONGRESS CALL NUMBER
Classification number 624.03 $2 18
100 1# - MAIN ENTRY--PERSONAL NAME
Personal name Barnes, Martin
245 00 - TITLE STATEMENT
Title CESMM3 handbook
Remainder of title a guide to the financial control of contracts using the Civil Engineering Standard Method of Measurement
Medium [electronic resource]
250 ## - EDITION STATEMENT
Edition statement 2nd
260 ## - PUBLICATION, DISTRIBUTION, ETC.
Place of publication, distribution, etc. London
Name of publisher, distributor, etc. Thomas Telford
Date of publication, distribution, etc. 1992
300 ## - PHYSICAL DESCRIPTION
Extent eBook
650 24 - SUBJECT ADDED ENTRY--TOPICAL TERM
Topical term or geographic name entry element CIVIEL ENGINEERING STANDARD METHOD OF MEASUREMENT (THIRD EDITION)
651 #4 - SUBJECT ADDED ENTRY--GEOGRAPHIC NAME
Geographic name International
690 ## - LOCAL SUBJECT ADDED ENTRY--TOPICAL TERM (OCLC, RLIN)
Topical term or geographic name as entry element BUILT ENVIRONMENT-QUANTITY SURVEYING-CIVIL ENGINEERING STANDARD METHOD OF MEASUREMENT
856 48 - ELECTRONIC LOCATION AND ACCESS
Uniform Resource Identifier <a href="https://www.vlebooks.com/">https://www.vlebooks.com/</a>
Public note View on VLEbooks. Logins for members only from [email protected]
942 ## - ADDED ENTRY ELEMENTS (KOHA)
Suppress in OPAC 0
948 ## - LOCAL PROCESSING INFORMATION (OCLC); SERIES PART DESIGNATOR (RLIN)
c (OCLC) 04/03/1997
Holdings
Withdrawn status Lost status Damaged status Not for loan Home library Current library Shelving location Date acquired Cost, normal purchase price Total Checkouts Full call number Barcode Date last seen Date last checked out Copy number Cost, replacement price Price effective from Koha item type Source of classification or shelving scheme
  Missing from bundle     London London Basement 24/07/1992 20.00 38 BASEMENT 30033791 06/08/2019 06/04/2010 1 20.00 06/08/2019 Book  
        Virtual Virtual Online 17/05/2011     EBOOK 2472-3001 06/08/2019   1   06/08/2019 Book Dewey Decimal Classification